| 000 | 00594nam a22002057a 4500 | ||
|---|---|---|---|
| 003 | OSt | ||
| 005 | 20140310184524.0 | ||
| 008 | 131019t xxu||||| |||| 00| 0 eng d | ||
| 020 | _a0439443792 | ||
| 050 |
_aPZ 7 _b.Se496Ro 2003 |
||
| 100 |
_aSeuling, Barbara _930076 |
||
| 245 |
_aRobert and the class president / _cby Barbara Seuling; illustrated by Paul Brewer |
||
| 260 |
_aNew York : _bScholastic Inc., _c2003. |
||
| 300 |
_a84 p. : _bill. ; _c20 cm. |
||
| 521 | _aG3 | ||
| 526 | _c500 | ||
| 650 |
_aFiction _xJuvenile literature _930077 |
||
| 942 |
_2lcc _cBK-SCHOLAS |
||
| 999 |
_c35086 _d35086 |
||